Мир перевода-3; Practicum plus
| Κύριος συγγραφέας: | |
|---|---|
| Γλώσσα: | Ρωσικά Αγγλικά |
| Έκδοση: |
Москва, Р.Валент, 2001
|
| Έκδοση: | 4-е изд., испр. и доп. |
| Σειρά: | Мир перевода World of Interpreting and Translation |
| Θέματα: | |
| Μορφή: | Βιβλίο |
| KOHA link: | https://koha.lib.tpu.ru/cgi-bin/koha/opac-detail.pl?biblionumber=52312 |
MARC
| LEADER | 00000nam0a2200000 4500 | ||
|---|---|---|---|
| 001 | 52312 | ||
| 005 | 20231031041448.0 | ||
| 010 | |a 5934390597 | ||
| 035 | |a (RuTPU)RU\TPU\book\54819 | ||
| 090 | |a 52312 | ||
| 100 | |a 20030528d2001 m y0rusy50 ca | ||
| 101 | 0 | |a rus |a eng | |
| 102 | |a RU | ||
| 105 | |a y j 000zy | ||
| 200 | 1 | |a Мир перевода-3 |a Practicum plus |f А. П. Чужакин | |
| 205 | |a 4-е изд., испр. и доп. | ||
| 210 | |a Москва |c Р.Валент |d 2001 | ||
| 215 | |a 200 с. | ||
| 225 | 1 | |a Мир перевода | |
| 225 | 1 | |a World of Interpreting and Translation | |
| 610 | 1 | |a практикумы | |
| 610 | 1 | |a английский язык | |
| 610 | 1 | |a переводы | |
| 610 | 1 | |a стилистика | |
| 610 | 1 | |a учебные пособия | |
| 686 | |a Ш143.21-923.7 |v LBC/SL-A |2 rubbk | ||
| 700 | 1 | |a Чужакин |b А. П. |g Андрей Павлович | |
| 801 | 1 | |a RU |b 63413507 |c 20030528 |g PSBO | |
| 801 | 2 | |a RU |b 63413507 |c 20030818 |g PSBO | |
| 801 | 2 | |a RU |b 63413507 |c 20200608 |g PSBO | |
| 942 | |c BK | ||